Online Catalogue and eLibrary

Manawa himikam vimasuma (Record no. 5261)

MARC details
000 -LEADER
fixed length control field 00393nam a2200169Ia 4500
005 - DATE AND TIME OF LATEST TRANSACTION
control field 20250626031824.0
008 - FIXED-LENGTH DATA ELEMENTS--GENERAL INFORMATION
fixed length control field 240331s9999 xx 000 0 und d
020 ## - INTERNATIONAL STANDARD BOOK NUMBER
ISBN 9559979845
082 ## - DDC Classification
Item Number - Author Mark JAY
Class No. 361
100 ## - MAIN ENTRY--PERSONAL NAME
Personal name Jayasundara,L
245 #0 - TITLE STATEMENT
Title Manawa himikam vimasuma
260 ## - PUBLICATION, DISTRIBUTION, ETC.
Name of publisher, distributor, etc. Author Publishers
Date of publication, distribution, etc. 2007
300 ## - PHYSICAL DESCRIPTION
Extent (e.g. Volumes, Pages etc.) 60 p .,
650 ## - SUBJECT ADDED ENTRY--TOPICAL TERM
Topical term or geographic name entry element Morality
650 ## - SUBJECT ADDED ENTRY--TOPICAL TERM
Topical term or geographic name entry element Human Rights
942 ## - Koha item type (Biblio)
Koha item type Books in Stacks (Lending)
Holdings
Lost status Damaged status Collection code Home library Current library Shelving location Date acquired Full call number Accession Number Item type
    Lending WERC Library WERC Library Social Science Cupboard 03/31/2024 361.614 JAY 6218 Books in Stacks (Lending)

© WERC Library